| 000 | 00624nam a22001937a 4500 | ||
|---|---|---|---|
| 003 | OSt | ||
| 005 | 20230928103911.0 | ||
| 008 | 230928b |||||||| |||| 00| 0 eng d | ||
| 040 | _cLadoV | ||
| 082 |
_a702.814 _bJ91m |
||
| 100 |
_aJuárez, Alvarado _eautor _91121 |
||
| 245 | _aLa mitología de la flora y la fauna/ | ||
| 260 |
_c2000 _aMuseo Pablo Serrano _bZaragoza |
||
| 300 |
_a28p. _c21x15cm |
||
| 650 |
_2Tesauro de Arte & Arquitectura _aARTE |
||
| 650 |
_2Tesauro de Arte & Arquitectura _aMONTAJE _9703 |
||
| 650 |
_2Tesauro de Arte & Arquitectura _aOCÉANO |
||
| 942 |
_2ddc _c1 _h702.814 _iJ91m _n0 |
||
| 999 |
_c4417 _d4417 |
||